000
00191nam a2200097 4500
082
0
_a
374.014
245
1
1
_a
Teacher education programme
260
_c
c.1996
300
_a
Bk1-
942
_2
ddc
_c
BK
999
_c
64413
_d
64387